1084 1582 1109 1605 1940 1899 1952 1841 1239 1549 1497 1358 1158 1325 1194 1254 1808 1216 1104 1587 1572 1282 1404 1184 1642 1690 1063 1554 1646 1662 1395 1118 1753 1119 1156 1901 1192 1250 1306 1241 1169 1087 1980 1454 1520 1465 1031 1118 1919 1641 1945 1803 1725 1735 1488 1981 1907 1890 1710 1511 1458 1144 1560 1274 1501 1553 1456 1583 1409 1212 1293 1555 1260 1086 1787 1199 1574 1736 1607 1612 1924 1553 1520 1561 1454 1827 1967 1949 1825 1196 1633 1857 1741 1341 1602 1455 1117 1906 1145 BCNSPRNW ULIB Ver.6.0+V

เปลี่ยนเป็นภาษาไทย

Change to English
 แสดงรายละเอียดบรรณานุกรม
  กลับหน้าหลัก

Brief Record : Get Marc (ISO 2709) : E-mail record : QR code < ปิดหน้าต่าง
LEADER : 00000nam 2200000uu 4500
001    13399111890
003     ULIB
008    110711s2544||||th 000 0 tha d
020    9748211304
050  4 DS589.C33^bก278จ 2544
100    ปาริชาต เรืองวิเศษ
245 00 จันทบุรี /^cปาริชาต เรืองวิเศษ, บรรณาธิการ
260    กรุงเทพฯ :^bสารคดี,^c2544
300    232, [3] หน้า :^bภาพประกอบสี, แผนที่
504    บรรณานุกรมท้ายเล่ม
651  4 จันทบุรี^xความเป็นอยู่และประเพณี
651  4 จันทบุรี^xภูมิประเทศและการท่องเที่ยว
700 0  ปาริชาต เรืองวิเศษ
945    ^p280^l0^i015884
949    ทศพร
999 ^a ใช้งานได้ทุกระบบ
รายการนี้ยังไม่มีแท็ก
คุณยังไม่ได้ล็อกอิน คุณสามารถมีกิจกรรมร่วมกับเว็บไซต์ได้ แต่ต้องล็อกอินก่อน ::
  ล็อกอิน

รายการสื่อสารสนเทศ

ลำดับที่ ประเภท เลขเรียก/บาร์โค้ด สถานที่ สถานะ
- ไม่พบข้อมูล -

BibComment


ยังไม่เคยถูกคอมเมนท์

คอมเมนท์ทรัพยากรรายการนี้
  คอมเมนท์: จันทบุรี ปาริชาต..


 Copyright 2026. Bcnsprnw @Library